000 00387nam a22001577a 4500
999 _c5379
_d5377
005 20210713114935.0
008 170401b xxu||||| |||| 00| 0 eng d
020 _a978-81-7515-246-5
041 _aeng
100 _aSHRIVASTAVA,DR.U.K
_93768
245 _aCONSTRUCTION PLANNING AND MANAGEMENT
260 _bGALGOTIA
_c1999
300 _a528
650 _aENGINEERING
_96522
942 _cBK